| 000 | 01778nam0a2200337 4500 | ||
|---|---|---|---|
| 001 | RU\NLR\bibl\1107455 | ||
| 005 | 20241119173650.0 | ||
| 020 |
_aRU _b06-26309 _9Летопись авторефератов диссертаций |
||
| 021 |
_aRU _b2006-20864а _9835а |
||
| 035 | _a(NLR Aleph) 001094512 | ||
| 090 |
_a1139279 _c1139279 |
||
| 100 | _a20070404d2006 u u0rusy50 ca | ||
| 101 | 0 | _arus | |
| 102 | _aRU | ||
| 105 | _aa dm ||||| | ||
| 200 | 1 |
_aКлинические и методологические аспекты вестибулярной дерецепции как нового метода функциональной нейрохирургии _e(на примере цервикальной дистонии) _eавтореф. дис. на соиск. учен. степ. д-ра мед. наук _eспециальность 14.00.13 <Нерв. болезни> _eспециальность 14.00.28 <Нейрохирургия> _fНарышкин Александр Геннадьевич _g[С.-Петерб. гос. мед. ун-т им. И. П. Павлова] |
|
| 210 |
_aСанкт_Петербург _d2006 |
||
| 215 |
_a42 с. _cил. _d21 |
||
| 320 | _aБиблиогр.: с. 38-39 (13 назв.) | ||
| 675 |
_a616.8-089 _v3 _zrus |
||
| 686 |
_a76.29 _2rugasnti |
||
| 686 |
_a56.1 _2rubbk |
||
| 686 |
_a14.00.13 _a09214.00.28 _2oksvnk |
||
| 700 | 1 |
_aНарышкин _bА. Г. _gАлександр Геннадьевич _4070 |
|
| 801 | 0 |
_aRU _bRKP _c20070404 _gPSBO |
|
| 801 | 1 |
_aRU _bRKP _c20070404 |
|
| 801 | 2 |
_aRU _bNLR _c20070710 _grcr |
|
| 901 | _eАвторефераты | ||
| 942 | _cBOOK | ||
| 981 | 1 | 0 | _a(10) Авторефераты |